000 00729nam a22001457a 4500
999 _c520780
_d520780
008 221012b ||||| |||| 00| 0 eng d
100 _aChoudhary, Yasin M.
_935205
245 _aUniversal coverage in J&K
260 _aYojana
300 _a 66(9), Sep, 2022: p.51-55
520 _aThe Ayushman Bharat health and wellness centre programme (AB-HWC) of NHM, which includes the establishment of health and wellness centers (HWC) is the biggest intervention in strengthening primary level healthcare in recent years by moving from selective primary health caser to comprehensive primary health care (CPHC) to achieve universal health coverage. – Reproduced
773 _aYojana
906 _aHEALTH SERVICES
942 _cAR